logos - Statistics

General Stats
  • This quiz has been taken 2,347 times
  • The average score is 10 of 15
Answer Stats
Hint Answer % Correct
blue bird twitter
86%
4 rings for car brand audi
85%
5 rings olympics
83%
letter f with blue background facebook
79%
ghost with yellow background snapchat
77%
pink bell taco bell
76%
man sitting on blue moon fishing dream works
73%
M coloured yellow mcdonalds
72%
red and blue dice dominos
68%
Y with purple background yahoo
65%
old man, white and red background kfc
58%
3 stripes making a triangle adidas
55%
red background with a white b beats
47%
a tick nike
43%
green M monster
24%
No matching quizzes found
Score Distribution
Percent of People with Each Score
Percentile by Number Answered
Your Score History
You have not taken this quiz